| 000 | 00564nam a22001577a 4500 | ||
|---|---|---|---|
| 003 | OSt | ||
| 008 | 181121b ||||| |||| 00| 0 eng d | ||
| 082 |
_a630 _bRAM/DE |
||
| 100 |
_aRAMYA R _93982 |
||
| 245 | _aDesign and Development of Artificial Pollinizer for Pollinating Tropical Vegetables under Protected Cultivation | ||
| 260 |
_aTAVANUR _bDEPARTMENT OF FARM MACHINERY AND POWER ENGINEERING _c2018 |
||
| 300 |
_a113 _eCD |
||
| 700 | _aDr. P. K. Sureshkumar (Guide) | ||
| 856 | _uhttps://drive.google.com/open?id=1XnkkagwCo2Uef32BekzWYM4u4NAp5Lj3 | ||
| 942 | _cTH | ||
| 999 |
_c15540 _d15540 |
||